000 00292nam a22001337a 4500
008 170926b xxu||||| |||| 00| 0 eng d
020 _a9780130475121
041 _aeng
080 _26TH
_a37
100 _a46
101 _aEDU
245 _aSTRUCTURED READING
_cTROYKA,L.Q
942 _2udc
_cBK
999 _c29756
_d29756